Dos semanas en otra ciudad / (Record no. 143988)

MARC details
000 -LEADER
campo de control de longitud fija 00499nam a2200157 4500
001 - NÚMERO DE CONTROL
campo de control 143988
003 - IDENTIFICADOR DE NÚMERO DE CONTROL
campo de control ES-MaACL
007 - CAMPO FIJO DE DESCRIPCIÓN FÍSICA--INFORMACIÓN GENERAL
campo de control de longitud fija t|
008 - DATOS DE LONGITUD FIJA--INFORMACIÓN GENERAL
campo de control de longitud fija 070214s1960 ag r ||||1| spa d
100 1# - ENTRADA PRINCIPAL--NOMBRE DE PERSONA
Nombre de persona Shaw, Irwin.
9 (RLIN) 106032
245 10 - MENCIÓN DEL TÍTULO
Título Dos semanas en otra ciudad /
Mención de responsabilidad, etc. por Irwin Shaw ; [traducción de Esyllt T. Lawrence].
260 ## - PUBLICACIÓN, DISTRIBUCIÓN, ETC.
Lugar de publicación, distribución, etc. Buenos Aires [etc.] :
Nombre del editor, distribuidor, etc. Plaza & Janés,
Fecha de publicación, distribución, etc. 1960 (
Fabricante Diamante)
300 ## - DESCRIPCIÓN FÍSICA
Extensión 511 p. ;
Dimensiones 24 cm.
700 1# - ENTRADA AGREGADA--NOMBRE PERSONAL
Nombre de persona Lawrence, Esyllt T.
9 (RLIN) 70745
852 ## - LOCALIZACIÓN
Ubicación ES-MaACL
Número de control de estantería B-2085
Sublocalización o colección R.49162
Holdings
Estatus retirado Estado de pérdida Estado de daño No para préstamo Biblioteca de origen Biblioteca actual Ubicación en estantería Fecha de adquisición Fuente de adquisición Total de préstamos Signatura topográfica completa Código de barras Visto por última vez Precio de reemplazo Tipo de ítem Koha
        Biblioteca del Ateneo de Madrid Biblioteca del Ateneo de Madrid Sala Pardo Bazán 17/01/2008     B-2085 1149809 23/02/2023 23/02/2023 Libro impreso